| 000 | 00621nam a2200205Ia 4500 | ||
|---|---|---|---|
| 001 | 10213 | ||
| 003 | GE_BSU | ||
| 008 | 181216s||||||||xx |||||||||||||| ||und|| | ||
| 040 | _cGE_BSU | ||
| 080 | _a821.353.1–94 | ||
| 100 | _aსულიაშვილი,დავით | ||
| 245 | _aწარსულიდან: მოგონება | ||
| 245 | _cრედ.ი.აბაშიძე | ||
| 260 | _aთბილისი | ||
| 260 | _bსაბლიტგამი | ||
| 260 | _c1948 | ||
| 300 | _a144გვ.21სმ. | ||
| 653 | _aწარსულიდან: მოგონება | ||
| 942 | _cBK | ||
| 999 |
_c43482 _d43482 |
||